Statistics for World cup 1978 teams

Click here to take the quiz!

General Stats

  • This quiz has been taken 567 times
  • The average score is 14 of 16

Answer Stats

HintAnswer% Correct
GROUP 1Argentina
99%
GROUP 3Brazil
98%
GROUP 2West germany
97%
GROUP 1France
94%
GROUP 1Italy
94%
GROUP 4Netherlands
92%
GROUP 2Mexico
91%
GROUP 3Spain
91%
GROUP 3Sweden
86%
GROUP 2Poland
84%
GROUP 4Peru
83%
GROUP 4Scotland
81%
GROUP 1Hungary
78%
GROUP 3Austria
77%
GROUP 4Iran
70%
GROUP 2Tunisia
66%

Score Distribution

Percentile by Number Answered

Percent of People with Each Score

Your Score History

You have not taken this quiz